[Event "GER-ch U25-C"]
[Site "Willingen"]
[Date "2019.06.14"]
[Round "8"]
[White "Schwarz, David"]
[Black "Frank, Cillian"]
[Result "0-1"]
[WhiteElo "950"]
[BlackElo "1309"]
[PlyCount "56"]
[EventDate "2019.06.08"]
[EventType "swiss"]
[EventRounds "9"]
[EventCountry "GER"]
[SourceTitle "CBM 191 Extra"]
[Source "ChessBase"]
[SourceDate "2019.09.30"]
[SourceVersion "1"]
[SourceVersionDate "2019.09.30"]
[SourceQuality "1"]

1. e4 c5 2. c3 d6 3. Nf3 Bg4 4. h3 Bh5 5. d4 Nc6 6. Be3 Qb6 7. b3 Nf6 8. Bd3 Bxf3 9. gxf3 g6 10. Na3 cxd4 11. cxd4 Qb4+ 12. Bd2 Qxa3 13. Bc3 e5 14. dxe5 dxe5 15. Ke2 Bg7 16. Qd2 Qe7 17. Rad1 0-0 18. f4 Bh6 19. Qe1 Bxf4 20. Bb5 Qc7 21. Rb1 Nxe4 22. Kf1 Nxc3 23. Qxc3 Rac8 24. Qf3 a6 25. Bc4 b5 26. Bd5 Rfd8 27. Rd1 Ne7 28. Bb7 Rxd1+ 0-1

[Event "GER-ch U25-C"]
[Site "Willingen"]
[Date "2019.06.12"]
[Round "6"]
[White "Jagodzinsky, Lukas"]
[Black "Frank, Cillian"]
[Result "1-0"]
[WhiteElo "1026"]
[BlackElo "1309"]
[PlyCount "47"]
[EventDate "2019.06.08"]
[EventType "swiss"]
[EventRounds "9"]
[EventCountry "GER"]
[SourceTitle "CBM 191 Extra"]
[Source "ChessBase"]
[SourceDate "2019.09.30"]
[SourceVersion "1"]
[SourceVersionDate "2019.09.30"]
[SourceQuality "1"]

1. e4 c5 2. d4 cxd4 3. c3 dxc3 4. Nxc3 d6 5. Bc4 Nf6 6. Nf3 g6 7. Bf4 Bg7 8. 0-0 0-0 9. h3 Qc7 10. Qb3 Nbd7 11. Ng5 Ne5 12. Bxe5 dxe5 13. Bxf7+ Kh8 14. Rad1 Bh6 15. h4 Kg7 16. Be6 Bxg5 17. hxg5 Nh5 18. Bxc8 Raxc8 19. Nd5 Qd7 20. Nb6 Qg4 21. Nxc8 Nf4 22. g3 Ne2+ 23. Kh2 Rf3 24. Qxb7 1-0

[Event "GER-ch U25 op-B"]
[Site "Willingen"]
[Date "2015.05.30"]
[Round "9"]
[White "Raasch, Hauke"]
[Black "Frank, Cillian"]
[Result "1-0"]
[WhiteElo "1107"]
[BlackElo "954"]
[PlyCount "65"]
[EventDate "2015.05.24"]
[EventType "swiss"]
[EventRounds "9"]
[EventCountry "GER"]
[SourceTitle "CBM 166 Extra"]
[Source "ChessBase"]
[SourceDate "2015.06.18"]
[SourceVersion "1"]
[SourceVersionDate "2015.06.18"]
[SourceQuality "1"]

1. e4 e5 2. Nf3 Nc6 3. Bc4 Nf6 4. d3 Bc5 5. Bg5 d6 6. Nc3 Bg4 7. Nd5 Nd4 8. Nxf6+ gxf6 9. Bh4 Qe7 10. h3 Nxf3+ 11. gxf3 Bh5 12. Qe2 0-0-0 13. 0-0-0 Rhg8 14. Rhg1 c6 15. Qd2 Bxf3 16. Rde1 Rxg1 17. Rxg1 d5 18. exd5 cxd5 19. Bb3 e4 20. Re1 b6 21. Kb1 d4 22. dxe4 Bb4 23. Qf4 Bxe4 24. Rxe4 Qc5 25. Bxf6 Qh5 26. Qg4+ Qxg4 27. Rxg4 Re8 28. a3 Re1+ 29. Ka2 Bc5 30. Bxd4 Bxd4 31. Rxd4 Re7 32. Rf4 Re6 33. Bxe6+ 1-0

[Event "GER-ch U25 op-B"]
[Site "Willingen"]
[Date "2015.05.26"]
[Round "4"]
[White "Frank, Cillian"]
[Black "Grunert, Wilhelm"]
[Result "0-1"]
[WhiteElo "954"]
[BlackElo "1196"]
[PlyCount "88"]
[EventDate "2015.05.24"]
[EventType "swiss"]
[EventRounds "9"]
[EventCountry "GER"]
[SourceTitle "CBM 166 Extra"]
[Source "ChessBase"]
[SourceDate "2015.06.18"]
[SourceVersion "1"]
[SourceVersionDate "2015.06.18"]
[SourceQuality "1"]

1. e4 d5 2. exd5 Qxd5 3. Nc3 Qa5 4. Nf3 Bg4 5. Bc4 Nf6 6. h3 Bh5 7. d3 c6 8. a3 Nbd7 9. b4 Qc7 10. Be3 e6 11. b5 Be7 12. bxc6 Qxc6 13. Bf4 0-0 14. 0-0 a6 15. a4 e5 16. Re1 Bb4 17. Bd2 Bxc3 18. Bxc3 b5 19. axb5 axb5 20. Rxa8 Rxa8 21. Bb3 Qxc3 22. g4 Bg6 23. d4 Be4 24. Re3 Qa1 25. Qxa1 Rxa1+ 26. Kg2 exd4 27. Re2 d3 28. cxd3 Bxd3 29. Re3 Bc4 30. Bc2 Rc1 31. Bf5 g6 32. Bxd7 Nxd7 33. Nd2 Rc2 34. Ne4 b4 35. Ng3 b3 36. h4 b2 37. h5 b1Q 38. h6 Bd5+ 39. Kh3 Rxf2 40. Re8+ Nf8 41. Kh4 Rh2+ 42. Kg5 Qc1+ 43. Kf6 Rf2+ 44. Ke7 Qc7# 0-1

[Event "GER-ch U25 op-B"]
[Site "Willingen"]
[Date "2015.05.26"]
[Round "5"]
[White "Nagel, Philipp"]
[Black "Frank, Cillian"]
[Result "0-1"]
[WhiteElo "761"]
[BlackElo "954"]
[PlyCount "64"]
[EventDate "2015.05.24"]
[EventType "swiss"]
[EventRounds "9"]
[EventCountry "GER"]
[SourceTitle "CBM 166 Extra"]
[Source "ChessBase"]
[SourceDate "2015.06.18"]
[SourceVersion "1"]
[SourceVersionDate "2015.06.18"]
[SourceQuality "1"]

1. d4 d5 2. Bf4 Bf5 3. Nc3 Nf6 4. f3 e6 5. Qd2 Nc6 6. g4 Bg6 7. e3 h6 8. Bd3 Bxd3 9. Qxd3 Bb4 10. h4 Qe7 11. Nge2 0-0-0 12. h5 Rdg8 13. g5 hxg5 14. Bxg5 Qd6 15. 0-0-0 Rxh5 16. Bxf6 Rxh1 17. Nb5 Rxd1+ 18. Kxd1 Qd7 19. Qh7 Re8 20. Qxg7 Bf8 21. Qg3 Be7 22. Be5 Bd8 23. Nec3 Nxe5 24. Qxe5 f6 25. Qg3 a6 26. Na3 b5 27. e4 b4 28. exd5 bxc3 29. dxe6 Qxe6 30. Qg1 Qe2+ 31. Kc1 Qe1+ 32. Qxe1 Rxe1# 0-1

[Event "GER-chT North U12"]
[Site "Magdeburg"]
[Date "2014.09.14"]
[Round "7.4"]
[White "Frank, Cillian"]
[Black "Badzies, Tobias"]
[Result "0-1"]
[WhiteElo "859"]
[BlackElo "1043"]
[PlyCount "68"]
[EventDate "2014.09.11"]
[EventType "team-swiss"]
[EventRounds "7"]
[EventCountry "GER"]
[SourceTitle "EXT 2016"]
[Source "ChessBase"]
[SourceDate "2015.10.08"]
[SourceVersion "1"]
[SourceVersionDate "2015.10.08"]
[SourceQuality "1"]
[WhiteTeam "Harksheide"]
[BlackTeam "Uelzen Post"]
[WhiteTeamCountry "GER"]
[BlackTeamCountry "GER"]

1. Nf3 Nc6 2. d4 Nf6 3. g3 g6 4. Bg2 Bg7 5. c3 d6 6. 0-0 Bf5 7. Bf4 0-0 8. Nbd2 Qd7 9. Nh4 Bg4 10. Nhf3 Qf5 11. e4 Nxe4 12. Nxe4 Qxe4 13. Re1 Qf5 14. Nh4 Qd7 15. Nf3 Rfe8 16. Qd2 e5 17. dxe5 dxe5 18. Qxd7 Bxd7 19. Nxe5 Nxe5 20. Bxe5 Bxe5 21. Bxb7 Rab8 22. f4 Rxb7 23. Rxe5 Rxe5 24. fxe5 Rxb2 25. a4 Rc2 26. Ra3 Re2 27. Kf1 Rxh2 28. Kg1 Rh5 29. Kg2 Rxe5 30. Kf3 Kg7 31. Kf4 Ra5 32. Ke4 Rxa4+ 33. Rxa4 Bxa4 34. Kd5 h5 0-1